000 00699nam a2200241Ia 4500
003 OSt
005 20220930071221.0
006 a|||||r|||| 00| 0
007 ta
008 220926b |||||||| |||| 00| 0 eng d
024 _a8127
037 _cTheses
040 _aCRL
_cCRL
_beng
041 _2eng
_aeng
100 _aYadav Narain Singh
_9528141
110 _aUniversity of Delhi. Faculty of Social Sciences. Department of History
245 0 _aHindu nobility under Akbar (1556-1605 A.D.)
260 _c1973
650 _aHISTORY
700 _aUniversity of Delhi. Faculty of Social Sciences. Department of History
942 _cDIS
_2CC
999 _c862014
_d862014